Logs̕tica inversa y verde Sostenibilidad y medio ambiente

Bibliographic Details
Format: eBook
Language:Spanish
Published: Bogot:̀ Ediciones de la U, 2014
Subjects:
Online Access:Acceso restringido

MARC

LEADER 00000nam a22000007a 4500
005 20181031113158.0
007 cr|||| ||||
008 181031s2014 co |||||s|||| 00||0 spa d
020 |a 978-958-762-187-7 
035 |a 22123 
040 |a vLex 
090 |c 8244  |d 8244 
245 0 0 |a Logs̕tica inversa y verde  |h [Recurso electrn̤ico] /  |b Sostenibilidad y medio ambiente 
256 |a Servicio en ln̕ea 
260 |a Bogot:̀  |b Ediciones de la U,  |c 2014 
300 |a 1 recurso electrn̤ico 
500 |a La logs̕tica inversa tiene como objetivo planear, ejecutar y controlar los flujos de productos, informacin̤ y dinero que permitan la recuperacin̤, eliminacin̤ o reciclaje del producto, con el fin de minimizar los impactos ambientales y agregar valor a la organizacin̤. Se llama logs̕tica inversa por que el flujo del producto, informacin̤ y dinero parten desde el punto final del producto hasta su origen, direccin̤ opuesta al flujo tradicional de la cadena de suministro que va desde el punto de origen (empresa-proveedor) hasta el punto final (distribuidores-clientes). Este texto pretende dar a conocer la importancia de implementar un proceso de logs̕tica inversa dentro de las organizaciones al igual que de algunas consideraciones internacionales y colombianas con respecto al cuidado del medio ambiente. Finalmente, se presentan casos de aplicacin̤ en Colombia. 
506 1 |a Disponible solo en los productos indicados  |d vLex Global  |d vLex Global (Academic Edition, excluding Law Schools)  |d vLex Global (U.S. Academic Edition, Law Schools)  |d vLex Global (U.S. Academic Edition, excluding Law Schools)  |d vLex Global (Academic Edition, Law Schools) 
650 0 4 |a Derecho del Medio Ambiente  |z Colombia 
740 0 |a vLex Libros (Servicio en ln̕ea) 
856 4 0 |u http://vlex.com/source/logistica-inversa-y-verde-sostenibilidad-y-medio-ambiente-22123  |z Acceso restringido 
942 |c BOOK 
999 0 |a Environmental Law